Regionálna politika Európskej únie po jej rozšírení v roku 2004

Úloha regionálnej politiky EÚ a chudobné regióny. Rozširovanie EÚ a regionálna politika.. Financovanie regionálnej politiky. Ciele regionálnej politiky v rokoch 2007-2013. Regionálna konkurencieschopnosť. Zamestnanosť a európska územná spolupráca. Slovensko a regionálna politika.

Saved in:
Bibliographic Details
Main Author: Lipková, Ľudmila
Other Authors: Lipková, Katarína, 1976-
Format: Book Chapter
Language:Slovak
Subjects:
Tags: Add Tag
No Tags, Be the first to tag this record!

MARC

LEADER 00000naa$a2200000$$$4500
001 0055734
005 20220629082258.0
041 0 |a slo 
044 |a SK 
245 1 0 |a Regionálna politika Európskej únie po jej rozšírení v roku 2004  |c Ľudmila Lipková, Katarína Lipková 
520 |a Úloha regionálnej politiky EÚ a chudobné regióny. Rozširovanie EÚ a regionálna politika.. Financovanie regionálnej politiky. Ciele regionálnej politiky v rokoch 2007-2013. Regionálna konkurencieschopnosť. Zamestnanosť a európska územná spolupráca. Slovensko a regionálna politika. 
610 2 0 |a politika regionálna 
610 2 0 |a konkurencieschopnosť 
610 2 0 |a spolupráca cezhraničná 
610 2 0 |a Slovensko 
610 2 0 |a Európska únia 
610 2 0 |a rozvoj regionálny 
610 2 0 |a financovanie 
100 1 |a Lipková, Ľudmila 
700 1 |a Lipková, Katarína, 1976-